|
|
|
|
| LEADER |
00839nab a2200217 i 4500 |
| 001 |
publ28213 |
| 005 |
20230911111527.0 |
| 008 |
230911s2023 hu o 0|| Magyar d |
| 022 |
|
|
|a 1215-5233
|
| 024 |
7 |
|
|a 10.14232/iskkult.2023.1-2.60
|2 doi
|
| 024 |
7 |
|
|a 33812964
|2 mtmt
|
| 040 |
|
|
|a SZTE Publicatio Repozitórium
|b hun
|
| 041 |
|
|
|a Magyar
|
| 100 |
1 |
|
|a Sárvári Tünde
|
| 245 |
1 |
0 |
|a Egészségfejlesztés az iskolában
|h [elektronikus dokumentum] :
|b Jó gyakorlatok Németországból /
|c Sárvári Tünde
|
| 260 |
|
|
|c 2023
|
| 300 |
|
|
|a 60-76
|
| 490 |
0 |
|
|a ISKOLAKULTÚRA: PEDAGÓGUSOK SZAKMAI-TUDOMÁNYOS FOLYÓIRATA
|v 33 No. 1-2
|
| 650 |
|
4 |
|a Oktatástudomány
|
| 700 |
0 |
1 |
|a Nádudvari Gabriella Erika
|e aut
|
| 856 |
4 |
0 |
|u http://publicatio.bibl.u-szeged.hu/28213/1/Sarvari_Nadudvari_Egeszsegfejlesztes_az_iskolaban_2023.pdf
|z Dokumentum-elérés
|